|
|
|
|
| LEADER |
01485nam a2200313 a 4500 |
| 001 |
15014020 |
| 003 |
BD-DhAAL |
| 005 |
20250409123848.0 |
| 008 |
090722s2007 bg ab bs 000 0 eng d |
| 010 |
|
|
|a 2007340396
|
| 040 |
|
|
|a DLC
|c DLC
|d DLC
|d BD-DhAAL
|
| 082 |
0 |
0 |
|a 306.095492
|2 22
|
| 245 |
0 |
0 |
|a Dhaka, improving living conditions for the urban poor.
|
| 260 |
|
|
|a Dhaka :
|b The World Bank Office, Dhaka,
|c 2007.
|
| 300 |
|
|
|a xx, 138 pages :
|b col. ill., col. maps ;
|c 29 cm.
|
| 490 |
|
|
|a Bangladesh development series ;
|v paper no. 17
|
| 500 |
|
|
|a "South Asia Sustainable Development Unit"--Cover.
|
| 500 |
|
|
|a Includes statistical tables.
|
| 504 |
|
|
|a Includes bibliographical references (p. 83-92).
|
| 526 |
|
|
|x Salim khan
Sr. program Associate
James P. Grant School.
Course name and no. N/A
|
| 541 |
1 |
|
|a A H Development publishing house
|e 00018480
|
| 650 |
|
0 |
|a Poor
|z Bangladesh
|z Dhaka
|x Social conditions.
|9 26941
|
| 650 |
|
0 |
|a Quality of life
|z Bangladesh
|z Dhaka.
|9 57971
|
| 710 |
2 |
|
|a World Bank.
|b Bangladesh Dhaka Office.
|
| 830 |
|
|
|a Bangladesh development series ;
|v paper no. 17
|9 50538
|
| 852 |
4 |
|
|a SPH
|j General Shelf.
|
| 942 |
|
|
|2 ddc
|c BK
|
| 999 |
|
|
|c 2696
|d 2696
|
| 952 |
|
|
|0 0
|1 0
|2 ddc
|4 0
|6 306_095492000000000_DHA
|7 0
|9 2477
|a JPGSPH
|b JPGSPH
|d 2009-04-29
|e A H Development Publishing House.
|g 7800.00
|l 2
|o 306.095492 DHA
|p 3060018480
|r 2010-12-26
|s 2010-03-11
|t 1
|w 2009-07-22
|y BK
|x Requisitioned by Salim khan, Sr. program Associate, James P. Grant School. Course name and no. N/A
|